Rolf y Rosi / (Registro nro. 11034)

Detalles MARC
000 -CABECERA
Longitud fija campo de control 00930nam a2200277 a 4500
003 - • IDENTIFICADOR DELl NÚMERO DE CONTROL
Identificador del número de control CO-ViMGA
005 - • FECHA Y HORA DE LA ÚLTIMA TRANSACCIÓN
Fecha y hora de la última transacción 20230915224034.0
008 - • CÓDIGOS DE INFORMACIÓN DE LONGITUD FIJA
Códigos de información de longitud fija 141112s2004 ck r 000 u spa d
020 ## - • NÚMERO INTERNACIONAL NORMALIZADO PARA LIBROS
Número Internacional Normalizado para Libros (ISBN) 9789681647216
040 ## - FUENTE DE LA CATALOGACIÓN
Centro catalogador de origen CO-ViMGA
Lengua de catalogación spa
Centro transcriptor CO-ViMGA
041 ## - • CÓDIGO DE LENGUA
Código de lengua del texto/banda sonora o título independiente spa eng
043 ## - CÓDIGO DE ÁREA GEOGRÁFICA
Código de área geográfica e - eng - uk
100 1# - • PUNTO DE ACCESO PRINCIPAL-NOMBRE DE PERSONA
Nombre de persona Swindells, Robert, 1939 -
245 10 - • TITULO PROPIAMENTE DICHO
Título Rolf y Rosi /
Mención de responsabilidad, etc. Robert Swindells ; ilustraciones de Claudia Legnazzi ; traducción de Joaquín Diez - Canedo F.
300 ## - • DESCRIPCIÓN FÍSICA
Extensión 63 p. ; il. ; 19 cm.
490 ## - • MENCIÓN DE SERIE
Mención de serie A la orilla del viento. para los que estan aprendiendo a leer ; 69
650 14 - • PUNTO DE ACCESO ADICIONAL DE MATERIA - TÉRMINO DE MATERIA
Término de materia o nombre geográfico como elemento inicial CUENTOS INFANTILES INGLESES
650 14 - • PUNTO DE ACCESO ADICIONAL DE MATERIA - TÉRMINO DE MATERIA
Término de materia o nombre geográfico como elemento inicial VIAJES INTERPLANETARIOS - - CUENTOS INFANTILES
700 1# - • PUNTO DE ACCESO ADICIONAL - NOMBRE DE PERSONA
Nombre de persona Díez - Canedo F., Joaquín, tr.
700 1# - • PUNTO DE ACCESO ADICIONAL - NOMBRE DE PERSONA
Nombre de persona Legnazzi, Claudia, il.
942 ## - ENTRADA DE ELEMENTOS AGREGADOS (KOHA)
Fuente de clasificaión o esquema Dewey Decimal Classification
Koha [por defecto] tipo de item LIbro
Existencias
Perdido Fuente de clasificación o esquema Estado Físico No para préstamo Forma de adquisición Localización permanente Localización actual Fecha adquisición Serie de enumeración / cronolog&íacute;a Préstamos totales Signatura completa Código de barras Fecha última consulta Número de copia Fecha del precio de reemplazo Tipo de item de Koha Localización en estanterías Note pública
  Dewey Decimal Classification       Biblioteca Pública Fuentedeoro - Henry Llanos García Biblioteca Pública Fuentedeoro - Henry Llanos García 04/05/2025     C SWI2 Fo00002151 04/05/2025 Ej.1 04/05/2025 Libro Infantil Sala Infantil  
  Dewey Decimal Classification     Colección General Biblioteca Pública José Eustasio Rivera - San Martin Biblioteca Pública José Eustasio Rivera - San Martin 09/29/2023     C SWI2 SM02580 09/29/2023 Ej.1 09/29/2023 Libro Infantil Sala Infantil  
  Dewey Decimal Classification     Sala General Biblioteca Barrio Emporio - Villavicencio Biblioteca Barrio Emporio - Villavicencio 12/04/2015 27/ene/2015   C SWI2 ICM00046 12/04/2015 Ej. 1 12/04/2015 LIbro    
        Colección Sala Infantil de Literatura Pocatil y Tilín Biblioteca Pública Departamental Eduardo Carranza - Villavicencio Biblioteca Pública Departamental Eduardo Carranza - Villavicencio 01/23/2015     C SWI2 ECAICM23680 11/26/2024 Ej.1 11/26/2024 LIbro General 17640 | 22601
  Dewey Decimal Classification       Biblioteca Pública San Juan de Arama - Concepción de Arama Biblioteca Pública San Juan de Arama - Concepción de Arama 03/06/2026     C SW12 SJA01621 03/06/2026 Ej.1 03/06/2026 LIbro Sala Infantil  









Instituto Departamental de Cultura del Meta - Red Departamental de Bibliotecas Públicas del Meta.